[Event "AUTO-MASTER-3187"]
[Site "http://www.queenalice.com/game.php?id=1823051"]
[Date "2023.10.15"]
[Round "1"]
[White "landrov"]
[Black "RETI95"]
[Result "1/2-1/2"]
[WhiteElo "2329"]
[BlackElo "2388"]

1. e4 c6 2. d4 d5 3. e5 Bf5 4. Nf3 e6 5. Be2 Nd7 6. O-O h6 7. Nbd2 Ne7 8. Nb3 g5
9. a4 Bg7 10. a5 O-O 11. c3 Rc8 12. h4 g4 13. Ne1 h5 14. f3 g3 15. Bf4 f6 16.
Bxg3 fxe5 17. dxe5 Nxe5 18. Bxe5 Bxe5 19. f4 Bb8 20. Bxh5 c5 21. g3 e5 22. Ng2
e4 23. Ne3 Qd6 24. Bg4 Qg6 25. Rf2 Kh7 26. Rg2 Rg8 27. Bh5 Qg7 28. g4 Bxf4 29.
Nxf5 Nxf5 30. Qxd5 Ng3 31. Rxg3 Bxg3 32. Nxc5 Qf6 33. Nxe4 Qxh4 34. Qf5+ Kh8 35.
Nf6 Qh2+ 36. Kf1 Rc7 37. Nxg8 Qh1+ 38. Ke2 Qxa1 39. Qf6+ Rg7 40. Qh6+ Kxg8 41.
Qe6+ Kh8 42. Qh6+ Kg8 43. Qe6+ Kh8 44. Qh6+ Kg8 1/2-1/2

[Event "AUTO-MASTER-3187"]
[Site "http://www.queenalice.com/game.php?id=1823052"]
[Date "2023.10.15"]
[Round "1"]
[White "RETI95"]
[Black "landrov"]
[Result "1-0"]
[WhiteElo "2386"]
[BlackElo "2365"]

1. e4 c5 2. Nf3 e6 3. d4 cxd4 4. Nxd4 Nf6 5. Nc3 d6 6. g4 h6 7. Rg1 Nc6 8. Be3
a6 9. Nxc6 bxc6 10. Qf3 Rb8 11. O-O-O Qc7 12. h4 h5 13. gxh5 Nxh5 14. Bc4 g6 15.
Qe2 Bg7 16. Bb3 Be5 17. Qd2 d5 18. Kb1 Bb7 19. Rg5 Bf6 20. Bc5 Rd8 21. exd5 cxd5
22. Ba4+ Bc6 23. Nxd5 Rxd5 24. Rxd5 Bxa4 25. Rd4 Bb5 26. Bd6 Qc6 27. Rb4 Be7 28.
Bxe7 Kxe7 29. b3 Nf6 30. Rd4 Qc5 31. a4 Bd7 32. Rc4 Qb6 33. a5 Qb8 34. Qg5 Qb5
35. Rxd7+ Qxd7 36. Rf4 Rc8 37. Qxf6+ Ke8 38. Kb2 Rc5 39. b4 Rd5 40. Qg7 Qe7 41.
Qg8+ Qf8 42. Qxf8+ Kxf8 43. Rc4 1-0

[Event "AUTO-MASTER-3187"]
[Site "http://www.queenalice.com/game.php?id=1823059"]
[Date "2023.10.15"]
[Round "1"]
[White "RETI95"]
[Black "Kotov78"]
[Result "1/2-1/2"]
[WhiteElo "2353"]
[BlackElo "2360"]

1. e4 c5 2. Nf3 d6 3. d4 cxd4 4. Nxd4 Nf6 5. Nc3 a6 6. Bg5 e6 7. f4 Qb6 8. Qd2
Qxb2 9. Rb1 Qa3 10. e5 h6 11. Bh4 dxe5 12. fxe5 g5 13. exf6 gxh4 14. Be2 Qa5 15.
O-O Nd7 16. Kh1 Qg5 17. Rf4 e5 18. Nd5 exd4 19. Qxd4 1/2-1/2

[Event "AUTO-MASTER-3187"]
[Site "http://www.queenalice.com/game.php?id=1823060"]
[Date "2023.10.15"]
[Round "1"]
[White "Kotov78"]
[Black "RETI95"]
[Result "1/2-1/2"]
[WhiteElo "2359"]
[BlackElo "2353"]

1. e4 c5 2. Nf3 d6 3. d4 cxd4 4. Nxd4 Nf6 5. Nc3 a6 6. f3 e5 7. Nb3 Be6 8. Be3
h5 9. Qd2 Nbd7 10. Nd5 Bxd5 11. exd5 g6 12. O-O-O Nb6 13. Kb1 Nbxd5 14. Bg5 Be7
15. Bd3 Qc7 16. Rhe1 Nd7 17. h4 N5f6 18. f4 O-O-O 19. Rf1 Kb8 20. Qe2 1/2-1/2

[Event "AUTO-OPEN-4456"]
[Site "http://www.queenalice.com/game.php?id=1830255"]
[Date "2024.1.26"]
[Round "2"]
[White "RETI95"]
[Black "Kapablanca"]
[Result "1-0"]
[WhiteElo "2364"]
[BlackElo "2186"]

1. e4 e6 2. d4 d5 3. Nc3 dxe4 4. Nxe4 Nd7 5. Nf3 Be7 6. Bd3 b6 7. Qe2 Bb7 8. Bf4
Ngf6 9. Nxf6+ Nxf6 10. O-O-O O-O 11. a3 Nd5 12. Qe4 g6 13. Bh6 Re8 14. c4 1-0

[Event "AUTO-OPEN-4456"]
[Site "http://www.queenalice.com/game.php?id=1830256"]
[Date "2024.1.26"]
[Round "2"]
[White "Kapablanca"]
[Black "RETI95"]
[Result "0-1"]
[WhiteElo "2227"]
[BlackElo "2371"]

1. d4 Nf6 2. c4 e6 3. Nc3 d5 4. e3 Be7 5. Nf3 O-O 6. Bd3 dxc4 7. Bxc4 a6 8. O-O
b5 9. Bb3 Bb7 10. h3 c5 11. dxc5 Nbd7 12. Bc2 Nxc5 13. Qxd8 Rfxd8 14. Nh2 Rac8
15. f3 b4 16. Ne2 Nd3 17. Bxd3 Rxd3 18. Nf4 Rdd8 19. e4 Bc5+ 20. Kh1 a5 21. b3
e5 22. Ne2 Ba6 23. Re1 Bxe2 0-1

[Event "AUTO-OPEN-4457"]
[Site "http://www.queenalice.com/game.php?id=1831593"]
[Date "2024.2.14"]
[Round "2"]
[White "Jovanina1"]
[Black "RETI95"]
[Result "0-1"]
[WhiteElo "2132"]
[BlackElo "2384"]

1. f3 e5 2. g3 d5 3. Nh3 Nf6 4. Nf2 Nc6 5. Bg2 Be6 6. O-O h5 7. h3 d4 8. d3 Nd5
9. c4 Ne3 10. Bxe3 dxe3 11. Ne4 f5 12. Nec3 f4 13. Ne4 Nd4 14. Nbc3 c6 15. a3
Be7 16. b4 fxg3 17. Nxg3 Bg5 18. Re1 Bf4 19. Nf1 Qh4 20. Ne4 O-O-O 21. Ra2 Rh6
22. Qc1 Rg6 23. Nxe3 Bxh3 24. Kf1 Bxg2+ 25. Nxg2 Qh1+ 0-1

[Event "AUTO-OPEN-4457"]
[Site "http://www.queenalice.com/game.php?id=1831594"]
[Date "2024.2.14"]
[Round "2"]
[White "RETI95"]
[Black "Jovanina1"]
[Result "1-0"]
[WhiteElo "2379"]
[BlackElo "2137"]

1. e4 b6 2. d4 c6 3. c4 Ba6 4. Nc3 e6 5. Nf3 Bb4 6. Bd3 h6 7. Qb3 Be7 8. O-O c5
9. d5 Bg5 10. Nxg5 hxg5 11. Be2 Qc7 12. h3 f6 13. Nb5 Bxb5 14. cxb5 e5 15. d6
Qxd6 16. Rd1 Qc7 17. Qd5 Nc6 18. Bh5+ Kd8 19. bxc6 Ne7 20. Qxd7+ Qxd7 21. Rxd7+
Kc8 22. Rxe7 Rxh5 23. Re8+ Kc7 24. Rxa8 Kxc6 25. Rxa7 g6 26. Rf7 1-0

[Event "AUTO-OPEN-4456"]
[Site "http://www.queenalice.com/game.php?id=1836617"]
[Date "2024.5.11"]
[Round "3"]
[White "RETI95"]
[Black "danielglowinski"]
[Result "1-0"]
[WhiteElo "2417"]
[BlackElo "2497"]

1. e4 c5 2. Nf3 d6 3. d4 cxd4 4. Nxd4 Nf6 5. Nc3 a6 6. h3 e5 7. Nb3 Be6 8. f4
Nc6 9. f5 Bd7 10. Be3 Be7 11. g4 h6 12. Qf3 a5 13. a4 Nb4 14. O-O-O Qc7 15. Qg2
O-O 16. g5 hxg5 17. Bxg5 Rfc8 18. Rg1 Kf8 19. Be3 Ne8 20. Rd2 Kg8 21. Kb1 d5 22.
h4 d4 23. Nxd4 exd4 24. Bxd4 f6 25. h5 Qf4 26. Qe2 Rd8 27. Rg4 Qh6 28. Rg6 Qf4
29. h6 Rdc8 30. Be3 Qh4 31. Rxd7 Nxc2 32. Qxc2 Qe1+ 33. Qc1 Qxc1+ 34. Bxc1 Bf8
35. hxg7 Bxg7 36. Bh6 Kh8 37. Bxg7+ Nxg7 38. Rgxg7 1-0

[Event "AUTO-OPEN-4456"]
[Site "http://www.queenalice.com/game.php?id=1836618"]
[Date "2024.5.11"]
[Round "3"]
[White "danielglowinski"]
[Black "RETI95"]
[Result "0-1"]
[WhiteElo "2476"]
[BlackElo "2427"]

1. e4 c5 2. Nf3 d6 3. d4 cxd4 4. Nxd4 Nf6 5. Nc3 a6 6. Be3 e5 7. Nb3 Be6 8. Be2
Be7 9. O-O O-O 10. f4 exf4 11. Bxf4 Nc6 12. Be3 Rc8 13. Rf4 Re8 14. Nd4 Qc7 15.
Nxe6 fxe6 16. Qd2 Ne5 17. Raf1 Qc6 18. a3 Bd8 19. Bd4 Ba5 20. Rxf6 gxf6 21. Qe3
Rf8 22. Qh3 Rce8 23. Qg3+ Kh8 24. Qe3 Re7 25. b4 Bd8 26. a4 Rg7 27. h3 Qc7 28.
Qd2 Nc6 29. Be3 Rfg8 30. Rf2 Ne5 31. Bd4 Rg3 32. Kf1 Nc4 33. Qh6 Ne3+ 34. Bxe3
Qxc3 35. Bc1 R3g6 36. Qe3 Qxb4 37. Qb3 Qxb3 38. cxb3 Bb6 39. Rf3 Rxg2 40. Ke1
Rg1+ 41. Bf1 Bd4 42. Bf4 R8g2 43. Bxd6 Rb2 44. Bf4 Rh1 45. Bg3 Kg7 46. b4 Rb1+
47. Ke2 e5 48. b5 a5 49. b6 Rxb6 50. Rd3 Rb2+ 51. Ke1 Rb1+ 52. Ke2 Rhxf1 53. Ra3
Rg1 54. Kf3 h5 55. Rd3 Rb2 56. Rxd4 exd4 0-1

[Event "AUTO-OPEN-4457"]
[Site "http://www.queenalice.com/game.php?id=1838823"]
[Date "2024.6.18"]
[Round "3"]
[White "RETI95"]
[Black "cerenzo72"]
[Result "1-0"]
[WhiteElo "2397"]
[BlackElo "2177"]

1. e4 e5 2. Nf3 d6 3. d4 exd4 4. Nxd4 Nf6 5. Nc3 Be7 6. Bf4 O-O 7. Qd2 b6 8.
O-O-O Bb7 9. f3 Nbd7 10. g4 Ne5 11. Nf5 Nxf3 12. Qe3 Ne5 13. Bxe5 Nxg4 14. Qg3
Bg5+ 15. Bf4 Bxf4+ 16. Qxf4 Nf6 17. Rg1 g6 18. Qh6 Nh5 19. Rg5 Qf6 20. Rxh5 gxh5
21. Qxf6 1-0

[Event "AUTO-OPEN-4457"]
[Site "http://www.queenalice.com/game.php?id=1838824"]
[Date "2024.6.18"]
[Round "3"]
[White "cerenzo72"]
[Black "RETI95"]
[Result "0-1"]
[WhiteElo "2173"]
[BlackElo "2401"]

1. e4 c5 2. Nf3 d6 3. Nc3 Nf6 4. d4 cxd4 5. Nxd4 a6 6. Be2 e5 7. Nf3 Be7 8. a4
Be6 9. Ng5 Bd7 10. O-O O-O 11. Nf3 Be6 12. Ng5 Bd7 13. b3 Nc6 14. f4 Rc8 15. Bc4
h6 16. Nf3 Na5 17. fxe5 dxe5 18. Nxe5 Nxc4 19. Nxc4 b5 20. axb5 axb5 21. e5 bxc4
22. exf6 Bxf6 0-1

[Event "AUTO-OPEN-4457"]
[Site "http://www.queenalice.com/game.php?id=1838825"]
[Date "2024.6.18"]
[Round "3"]
[White "RETI95"]
[Black "suenteus_po_147"]
[Result "1-0"]
[WhiteElo "2406"]
[BlackElo "2075"]

1. e4 e5 2. Nf3 Nc6 3. Bb5 a6 4. Ba4 Nf6 5. O-O Be7 6. Re1 b5 7. Bb3 d6 8. c3
O-O 9. h3 Na5 10. Bc2 c5 11. d4 Nd7 12. d5 Nc4 13. b3 Ncb6 14. Nbd2 c4 15. bxc4
bxc4 16. Ba3 Nc5 17. Bxc5 dxc5 18. Nxe5 Bf6 19. Nc6 Qc7 20. e5 Bg5 21. Ne4 Bh6
22. Rb1 Nxd5 23. Qxd5 Bb7 24. Rxb7 Qxb7 25. Rb1 Qc7 26. Nd6 Rfc8 27. Be4 g6 28.
Rb7 1-0

[Event "AUTO-OPEN-4457"]
[Site "http://www.queenalice.com/game.php?id=1838826"]
[Date "2024.6.18"]
[Round "3"]
[White "suenteus_po_147"]
[Black "RETI95"]
[Result "0-1"]
[WhiteElo "2072"]
[BlackElo "2407"]

1. e4 c5 2. Nf3 d6 3. d4 cxd4 4. Nxd4 Nf6 5. Nc3 a6 6. Bg5 e6 7. f4 Qb6 8. Qd2
Qxb2 9. Rb1 Qa3 10. f5 Nc6 11. fxe6 Bxe6 12. Rxb7 Nxd4 13. Qxd4 Be7 14. Bd3 h6
15. Bd2 Qc5 16. Ne2 Bc8 17. Rb1 O-O 18. Be3 Ng4 19. Bd2 Be6 20. Bb4 Rab8 21.
Bxc5 Rxb1+ 22. Kd2 Bg5+ 23. Nf4 Bxf4+ 24. Ke2 dxc5 25. Qxc5 Rxh1 26. h3 Rc8 27.
Qb6 Ne5 28. Qxa6 Nxd3 29. cxd3 Rc2+ 0-1

[Event "AUTO-MASTER-3187"]
[Site "http://www.queenalice.com/game.php?id=1847732"]
[Date "2024.11.25"]
[Round "2"]
[White "BeatifulDevil56"]
[Black "RETI95"]
[Result "0-1"]
[WhiteElo "2140"]
[BlackElo "2414"]

1. c4 e5 2. Nc3 Nf6 3. Nf3 Nc6 4. e3 Bb4 5. d3 e4 6. Nd4 O-O 7. Nxc6 Bxc3+ 8.
bxc3 dxc6 9. Ba3 Re8 10. d4 b6 11. Be2 c5 12. Qc2 Ng4 13. Bxg4 Bxg4 14. h3 Be6
15. d5 Bf5 16. O-O-O Qc8 17. Qe2 Qa6 18. Kb2 Rad8 19. Rd2 Bc8 20. Re1 Qa4 21.
Qd1 Qxc4 22. Qb3 Ba6 23. f4 exf3 24. Qxc4 Bxc4 25. gxf3 Rxd5 26. Rxd5 Bxd5 27.
e4 Be6 28. h4 Rd8 0-1

[Event "AUTO-MASTER-3187"]
[Site "http://www.queenalice.com/game.php?id=1847733"]
[Date "2024.11.25"]
[Round "2"]
[White "RETI95"]
[Black "BeatifulDevil56"]
[Result "1-0"]
[WhiteElo "2410"]
[BlackElo "2220"]

1. e4 e6 2. d4 d5 3. Nc3 dxe4 4. Nxe4 Nd7 5. Nf3 Ngf6 6. Nxf6+ Nxf6 7. Bd3 Bd6
8. Qe2 b6 9. Ne5 O-O 10. Bg5 Bb7 11. O-O-O h6 12. h4 c5 13. Rh3 Kh8 14. dxc5
Bxc5 15. Bb5 Bd5 16. c4 Rc8 17. cxd5 1-0